[Event "Robecchetto Spring 11th A"]
[Site "Robecchetto"]
[Date "2014.04.24"]
[Round "3"]
[White "De Regibus, Giuseppe"]
[Black "De Paoli, Nicola"]
[Result "1-0"]
[WhiteElo "1620"]
[BlackElo "1386"]
[PlyCount "85"]
[EventDate "2014.04.10"]
[EventType "swiss"]
[EventRounds "7"]
[EventCountry "ITA"]
[SourceTitle "EXT 2024"]
[Source "ChessBase"]
[SourceDate "2023.10.10"]
[SourceVersion "1"]
[SourceVersionDate "2023.10.10"]
[SourceQuality "1"]

1. d4 Nf6 2. Bg5 d6 3. Bxf6 gxf6 4. e4 e5 5. Nf3 Nc6 6. d5 Ne7 7. Nbd2 Bd7 8. Be2 Ng6 9. g3 Bh6 10. c4 0-0 11. h4 c6 12. Nh2 cxd5 13. cxd5 Rc8 14. Ng4 Bg7 15. h5 Ne7 16. Rc1 Rxc1 17. Qxc1 f5 18. Ne3 fxe4 19. Nxe4 Nf5 20. g4 Nxe3 21. Qxe3 Qb6 22. Qd2 f5 23. gxf5 Bxf5 24. Bd3 Bxe4 25. Bxe4 Rf4 26. f3 Qd8 27. h6 Rh4 28. Rg1 Rxh6 29. Qxh6 Qa5+ 30. Qd2 Qd8 31. Rh1 h6 32. Rg1 Qf6 33. Rg6 Qh4+ 34. Kd1 Kf7 35. Qg2 Bf6 36. Rg4 Qxg4 37. Qxg4 Bg5 38. Qe6+ Kg7 39. Qxd6 b6 40. Qxe5+ Kf7 41. f4 Bf6 42. Qc7+ Be7 43. d6 1-0